Central Library OPAC University of Rajshahi

The report of the Land Revenue Committee / (Record no. 84404)

MARC details
000 -LEADER
fixed length control field 00644nam a2200217 a 4500
001 - CONTROL NUMBER
control field 84404
003 - CONTROL NUMBER IDENTIFIER
rucl marc code BD-RjUL
005 - DATE AND TIME OF LATEST TRANSACTION
control field 20241202150210.0
008 - FIXED-LENGTH DATA ELEMENTS--GENERAL INFORMATION
fixed length control field 241202s1938 pk ||||| |||| 00| 0 eng d
035 ## - SYSTEM CONTROL NUMBER
System control number (BD-RjUL)84404
040 ## - CATALOGING SOURCE
Original cataloging agency BD-RjUL
Language of cataloging eng
Transcribing agency BD-RjUL
041 ## - LANGUAGE CODE
Language code of text/sound track or separate title eng
082 ## - DEWEY DECIMAL CLASSIFICATION NUMBER
Edition number 23
Classification number 336.22
Author mark and year REP 1938
245 ## - TITLE STATEMENT
Title The report of the Land Revenue Committee /
Statement of responsibility, etc. Punjab Land Revenue Committee
260 ## - PUBLICATION, DISTRIBUTION, ETC. (IMPRINT)
Place of publication, distribution, etc. Lahore :
Name of publisher, distributor, etc. S.G.P ,
Date of publication, distribution, etc. 1938
300 ## - PHYSICAL DESCRIPTION
Pagination xxi, 232,6 p.;
Size 26 cm.
650 ## - SUBJECT ADDED ENTRY--TOPICAL TERM
Topical term or geographic name as entry element Land value taxation
9 (RLIN) 14515
Topical term or geographic name as entry element Agriculture Economic aspects
9 (RLIN) 14513
710 ## - ADDED ENTRY--CORPORATE NAME
Corporate name or jurisdiction name as entry element Punjab Land Revenue Committee
9 (RLIN) 14514
942 ## - ADDED ENTRY ELEMENTS (KOHA)
Source of classification or shelving scheme Dewey Decimal Classification
Koha item type Books
Holdings
Lost status Source of classification or shelving scheme Damaged status Not for loan Collection code Permanent Location Current Location Shelving location Date acquired Cost, normal purchase price Total Checkouts Full call number Date last seen Copy number Koha item type
  Dewey Decimal Classification   Not For Loan Non-fiction Central Library, University of Rajshahi Central Library, University of Rajshahi Reading Room 02/12/2024 20.00   336.22 REP 1938 02/12/2024 C-1 Books